What Letters in Grades Stand For - Statistics

General Stats
  • This quiz has been taken 46 times
    8 since last reset
  • The average score is 2 of 5
Answer Stats
Hint Answer % Correct
F Failure
88%
A Average
63%
B Failure
50%
D Dumb
13%
C Failure
13%
No matching quizzes found
Score Distribution
Percent of People with Each Score
Percentile by Number Answered
Your Score History
You have not taken this quiz since the last reset